00492nam a2200205Ia 4500003000900000008004100009040001300050040001300063041000800076100002100084100000900105245006100114250000900175260001600184260000900200300001100209300001000220490004800230490000800278IT-RoPAU120407s9999 xx 000 0 und d aIT-RoPAU cIT-RoPAU aeng aJohnson Cuthbert cosb. aProsper Gueranger (1805 - 1875): a liturgical theologian aRoma aBenedictina c1984 a473 p. c24 cm aStudia anselmiana, 89-Analecta liturgica, 9 v899